Little bear paints the world / (Record no. 105655)
[ view plain ]
| 000 -LEADER | |
|---|---|
| fixed length control field | 00421nam a2200169 a 4500 |
| 005 - DATE AND TIME OF LATEST TRANSACTION | |
| control field | 20140412111410.0 |
| 008 - FIXED-LENGTH DATA ELEMENTS--GENERAL INFORMATION | |
| fixed length control field | 070221s19uu xx 00 eng d |
| 020 ## - INTERNATIONAL STANDARD BOOK NUMBER | |
| International Standard Book Number | 0710512236 |
| 050 ## - LIBRARY OF CONGRESS CALL NUMBER | |
| Classification number | ER |
| Item number | Li72 |
| 100 ## - MAIN ENTRY--PERSONAL NAME | |
| Personal name | Ivens, Jan |
| 245 ## - TITLE STATEMENT | |
| Title | Little bear paints the world / |
| Statement of responsibility, etc | Jan Ivens ill. |
| 260 ## - PUBLICATION, DISTRIBUTION, ETC. (IMPRINT) | |
| Place of publication, distribution, etc | England. |
| 440 ## - SERIES STATEMENT/ADDED ENTRY--TITLE | |
| Title | Little bear |
| 650 ## - SUBJECT ADDED ENTRY--TOPICAL TERM | |
| Topical term or geographic name as entry element | Colors-fiction |
| 650 ## - SUBJECT ADDED ENTRY--TOPICAL TERM | |
| Topical term or geographic name as entry element | children stories |
| Withdrawn status | Lost status | Damaged status | Use restrictions | Home library | Current library | Shelving location | Date acquired | Source of acquisition | Total Checkouts | Full call number | Barcode | Date last seen | Price effective from | Koha item type |
|---|---|---|---|---|---|---|---|---|---|---|---|---|---|---|
| Elizalde Library | Elizalde Library | Easy Reading Section | 02/21/2007 | ER Li72 | E10495 | 04/12/2014 | 04/12/2014 | Books |